Presentador por accidente : rompe las reglas, comete errores y gánatelos a todos /

Furkejuvvon:
Bibliográfalaš dieđut
Váldodahkki: Hough, Karen (autor)
Materiálatiipa: Girji
Giella:espánnjágiella
Almmustuhtton: México : Taller del Exito, 2014, c2014
Fáttát:
Fáddágilkorat: Lasit fáddágilkoriid
Eai fáddágilkorat, Lasit vuosttaš fáddágilkora!

MARC

LEADER 00000nam^a2200000^a^4500
001 000350860
005 20250521000000.0
009 20260310114955.13
020 |a 978-1-60738-286-7 
037 |a Acervo ITESO - Biblioteca 
041 |a ESP 
082 |a 302. 22131  |b HOU 
100 |a Hough, Karen  |e (autor) 
245 1 0 |a Presentador por accidente :  |b rompe las reglas, comete errores y gánatelos a todos /  |c K. Hough ; tr. por Pedro Rodrigo Mariño. 
264 4 |a México :  |b Taller del Exito,  |c 2014, c2014 
300 |a 189 p. 
336 |a texto  |b txt  |2 rdacontenido 
337 |a sin mediación  |b n  |2 rdamedio 
338 |a volumen  |b nc  |2 rdasoporte 
500 |a Traducción de: Be the Best Bad Presenter Ever: Break the Rules, Make Mistakes, and Win Them Over 
649 |a XX 
650 |a Conferencias y el Arte de Disertar -  |x Tema Principal 
650 |a Retórica 
650 |a Comunicación Oral 
650 |a Comunicación Verbal 
910 |a Fondo General 
920 |a Impresos - Libros 
930 |a Colección General 
905 |a 101 
901 |a 0500241584  |b IT1  |c ACC  |i C144255  |u 20250521 
902 |a https://opac.biblio.iteso.mx/vufind/Record/000350860